[Event "EU-chT Seniors"]
[Site "Rogaska Slatina"]
[Date "2012.03.27"]
[Round "1.4"]
[White "Dragasevic, Srdjan"]
[Black "Streicher, Zvonko"]
[Result "1-0"]
[WhiteElo "2267"]
[BlackElo "2062"]
[PlyCount "95"]
[EventDate "2012.03.27"]
[EventType "team-swiss"]
[EventRounds "9"]
[EventCountry "SLO"]
[SourceTitle "CBM 147 Extra"]
[Source "ChessBase"]
[SourceDate "2012.04.24"]
[SourceVersion "1"]
[SourceVersionDate "2012.04.24"]
[SourceQuality "1"]
[WhiteTeam "Montenegro (Seniors)"]
[BlackTeam "Celje Sentjur (Seniors)"]
[WhiteTeamCountry "MNE"]
[BlackTeamCountry "SLO"]

1. d4 Nf6 2. Bg5 g6 3. Nd2 Bg7 4. e4 d6 5. c3 Nbd7 6. Ngf3 h6 7. Bh4 g5 8. Bg3 Nh5 9. Bc4 Nxg3 10. hxg3 e6 11. Bb3 0-0 12. Nc4 Qe7 13. Ne3 c6 14. Qd2 Nf6 15. e5 Ne4 16. Qd3 d5 17. Ng4 c5 18. Nxh6+ Bxh6 19. Rxh6 Kg7 20. Rh5 Bd7 21. Qe3 Rh8 22. Rxh8 Rxh8 23. 0-0-0 cxd4 24. Qxd4 b6 25. Bc2 Bc6 26. Qe3 g4 27. Nd4 Bb7 28. Bxe4 dxe4 29. Qf4 Bd5 30. Qxg4+ Kf8 31. Qf4 Rh2 32. Kb1 Qc5 33. g4 Qc4 34. Qxh2 Qxa2+ 35. Kc2 e3 36. Qh8+ Ke7 37. Qf6+ Ke8 38. Qh8+ Ke7 39. Qh4+ Ke8 40. Qh8+ Kd7 41. f3 Qa4+ 42. b3 Qa2+ 43. Kd3 e2 44. Nxe2 Bxb3 45. Rd2 Qa5 46. Ke3+ Bd5 47. Qf8 Qc5+ 48. Qxc5 1-0

[Event "SLO-chT1 East"]
[Site "Celje"]
[Date "2007.11.21"]
[Round "9"]
[White "Streicher, Zvonko"]
[Black "Studnicka, Tomo"]
[Result "1/2-1/2"]
[WhiteElo "2060"]
[BlackElo "2088"]
[PlyCount "24"]
[EventDate "2007.11.11"]
[EventType "team-tourn"]
[EventRounds "9"]
[EventCountry "SLO"]
[SourceTitle "EXT 2010"]
[Source "ChessBase"]
[SourceDate "2010.11.25"]
[SourceVersion "1"]
[SourceVersionDate "2010.11.25"]
[SourceQuality "1"]

1. d4 d5 2. c4 e6 3. Nc3 Nf6 4. Nf3 c6 5. Bg5 Be7 6. e3 0-0 7. Bd3 Nbd7 8. 0-0 h6 9. Bh4 Nh5 10. Bxe7 Qxe7 11. cxd5 exd5 12. Qc2 Nhf6 1/2-1/2

[Event "Bled op 24th"]
[Site "Bled"]
[Date "2003.07.18"]
[Round "6"]
[White "Kozamernik, Janez"]
[Black "Streicher, Zvonko"]
[Result "1-0"]
[WhiteElo "2199"]
[BlackElo "2102"]
[PlyCount "69"]
[EventDate "2003.07.14"]
[EventType "swiss"]
[EventRounds "9"]
[EventCountry "SLO"]
[SourceTitle "CBM 095 Extra"]
[Source "ChessBase"]
[SourceDate "2003.09.04"]
[SourceVersion "1"]
[SourceVersionDate "2003.09.04"]
[SourceQuality "1"]

1. e4 Nf6 2. e5 Nd5 3. d4 d6 4. Nf3 Bg4 5. Be2 e6 6. 0-0 Nc6 7. c4 Nb6 8. exd6 cxd6 9. Nc3 Be7 10. d5 exd5 11. Nxd5 Nxd5 12. Qxd5 0-0 13. Bf4 Be6 14. Qd2 f6 15. Rad1 Ne5 16. b3 Bf7 17. Qb2 Qb6 18. Be3 Qc7 19. Nd4 a6 20. Nf5 Rfd8 21. Nxe7+ Qxe7 22. Qa3 b5 23. Bb6 Rdb8 24. Qxd6 Qxd6 25. Rxd6 Bg6 26. c5 Nf7 27. Rd4 Rxb6 28. cxb6 Rb8 29. Rc1 h6 30. h4 h5 31. g4 hxg4 32. Bxg4 Ne5 33. h5 Bf5 34. b7 Bxg4 35. Rc8+ 1-0